Rocky Horror Picture Show - The Sword of Damocles Lyrics - Statistics

General Stats
  • This quiz has been taken 4 times
  • The average score is 142 of 225
Answer Stats
Answer % Correct
a
100%
Damocles
100%
damocles
100%
hangin'
100%
head
100%
I
100%
is
100%
life
100%
my
100%
My
100%
of
100%
over
100%
sword
100%
The
100%
the
100%
And
75%
at
75%
be
75%
big
75%
downer
75%
go
75%
I'm
75%
me
75%
mystery
75%
no
75%
Oh
75%
pretty
75%
see
75%
that
75%
That
75%
thread
75%
when
75%
woe
75%
you
75%
ain't
50%
aint
50%
bed
50%
can't
50%
crime
50%
cuttin'
50%
dread
50%
feelin'
50%
feeling
50%
fell
50%
gonna
50%
got
50%
It
50%
I've
50%
morning
50%
out
50%
someones
50%
someone's
50%
start
50%
this
50%
to
50%
up
50%
with
50%
woke
50%
all
25%
dressed
25%
from
25%
high
25%
know
25%
la
25%
left
25%
low
25%
place
25%
Sha
25%
was
25%
dreaming
0%
unnameable
0%
No matching quizzes found
Score Distribution
Percent of People with Each Score
Percentile by Number Answered
Your Score History
You have not taken this quiz